00958cam a22002531 4500001001300000003000400013005001700017008004100034010001700075035001900092040005300111050002300164100003800187245013600225260004300361300004800404500003100452500008400483500002900567650001300596700003800609700004000647999001700687e 38000160 DLC20260227111227.0790216s1930 paua j 000 0 eng c ae 38000160  a(OCoLC)4660106 aU.S. Off. of educ. LibrarycNcUdNcUdOCoLCdDLC00aPE1117b.R7 vol. 41 aRowland, Sydney Vanferson,ecomp.10aNew trails,cby Sydney V. Rowland, William Dodge Lewis and Elizabeth J. Marshall; illustrated by Maud and Miska Petersham. Book IV. aPhiladelphia,bJohn C. Wilsonc[c1930] axi, [1], 372 p.billus. (part col.)c20 cm. aIllustrated lining-papers. aOne of a series of new basal readers for the intermediate grades. cf. Foreword. aContains bibliographies. 0aReaders.1 aLewis, William Dodge,d1870-1960.1 aMarshall, Elizabeth J.ejoint comp. c21588d21588